00943 a2200217 4500022001300000050002300013100004500036110003400081245030400115264004600419300001100465500005000476650003000526650002000556650002100576651001800597700002800615700002500643700002900668700002800697 I0038239600aKTL19.A35 SOU 1992 aCorbett, M.MeHonorary consulting editor aSupreme Court of South Africa04aSouth African law reports (1)February: bDecisions of the Supreme Court of Appeal of South Africa, Constitutional court of Namibia, High court of Zimbabwe, Supreme court of Zimbabwe, Supreme court of Venda, Supreme court of Ciskei, Supreme court of Transkei /cM.M. Corbett, Fisher David S. ...et al aSouth Africa:bJuta and Company LTDc1992 a273p.: aIncludes bibliographical references and index 0aLaw reports, digests, etc 7aTable of cases  7aCase annotations 7aSouth Africa. aFisher, David Seeditor aHanmer, Nitaeeditor aPotter, Diana M.eeditor aKrynauw, Brendaeeditor